Normal view
MARC view
- Javed,Ayesha, Nisa,Mehr Un, & Nawaz,Raja Ali
Entry Personal Name
001 - CONTROL NUMBER
- control field: 4975
003 - CONTROL NUMBER IDENTIFIER
- control field: NUST
005 - DATE AND TIME OF LATEST TRANSACTION
- control field: 20170925124357.0
008 - FIXED-LENGTH DATA ELEMENTS
- fixed length control field: 170925|| aca||aabn | a|a d
040 ## - CATALOGING SOURCE
- Original cataloging agency: NUST
- Transcribing agency: NUST
100 ## - HEADING--PERSONAL NAME
- Personal name: Javed,Ayesha, Nisa,Mehr Un, & Nawaz,Raja Ali
670 ## - SOURCE DATA FOUND
- Source citation: Work cat.: (NUST): Javed,Ayesha, Nisa,Mehr Un, & Nawaz,Raja Ali, Cost-Benefit analysis of metro bus in Islamabad, 2016
